000 01943cam a2200565 a 4500
999 _c63960
_d63960
001 14674170
003 CO-MdFUSB
005 20180622072747.0
008 061218t20072009enkad f b 001 0 eng
010 _a 2006102305
020 _a0199204713 (alk. paper)
020 _a9780199204717 (alk. paper)
040 _aDLC
_cCO-MdFUSB
_dCO-MdFUSB
_bspa
_erda
041 _aeng
082 0 0 _224
_aG 215
_bEV93e
245 0 0 _aEvolution and emergence
_b: systems, organisms, persons
_c / editado por Nancey Murphy y William R. Stoeger
264 1 _aOxford;
_bOxford University Press,
_c℗2009
264 4 _c©2007
300 _axii, 378 páginas :
_bilustraciones ;
_c23 cm.
336 _2rdacontent
_a1
_ba1
337 _2rdamedia
_a2
_b5
338 _2rdacarrier
_a2
_b5
501 _aIncluye índices (p. 369- 378)
504 _aBibliografía (p. 350- 368)
505 _aParte 1. Filosofía -- Parte II. Ciencia -- Parte III. Teología.
650 7 _aCiencia
_9293
_xFilosofía
650 7 _aReligión y ciencia
_9259
700 1 _aMurphy, Nancey C.
700 1 _aStoeger, William R.
720 _aBrown, Warrne S.
720 _aClayton, Philip
720 _aDeacon, Terrence W.
720 _aEllis, George F.R.
720 _aGregersen, Niels Henrik
720 _aHaught, John F.
720 _aHewlett, Martinez J.
720 _aHoward, Don
720 _aPeacocke, Arthur
720 _aScott, Alwyn
720 _aVan Gulick, Robert
906 _a7
_bcbc
_corignew
_d1
_eecip
_f20
_gy-gencatlg
942 _cBK